Alphabet radio - Statistiques

Statistiques générales
  • Ce quiz a été pris 239 fois
  • Le résultat moyen est 9 sur 26
Statistiques - réponses
Réponse % Correct
Alpha
99%
Charlie
88%
Delta
78%
Bravo
71%
Echo
61%
Foxtrot
53%
Hotel
41%
Juliet
41%
India
39%
Tango
38%
Golf
36%
Papa
36%
Lima
34%
Kilo
33%
Romeo
29%
Oscar
25%
Mike
24%
Novembre
24%
Quebec
16%
Sierra
14%
Zoulou
14%
Uniform
13%
Whisky
12%
Xray
9%
Yankee
9%
Victor
8%
Aucun quiz correspondant
Distribution des résultats
% des personnes avec chaque résultat
Percentile par nombre de réponses
Votre historique - résultats
Vous n’avez pas pris ce quiz